000 02011cam a2200325 a 4500
001 13083448
003 OSt
005 20221213110345.0
008 030205s2003 njua b 001 0 eng
010 _a 2003267020
020 _a0471375942 (alk. paper)
040 _aDLC
_cDLC
_dDLC
050 0 0 _aHF5681.B2.W46
082 0 4 _a657/.3
_221
100 1 _aWhite, Gerald I.
_9841
245 1 4 _aThe analysis and use of financial statements /
_cGerald I. White, Ashwinpaul C. Sondhi, Dov Fried.
250 _a3rd ed.
260 _aHoboken, N.J. :
_bWiley,
_c2003.
300 _axii, 767 p. :
_bill. ;
_c29 cm.
504 _aIncludes bibliographical references (p. 743-753) and index.
505 _aContents: Framework for financial statement analysis -- Accounting income and assets: the accrual concept -- Analysis of cash flows -- Foundations of ratio and financial analysis -- Empirical research: implications for financial statement analysis -- Analysis of inventories -- Analysis of long-lived assets: part I-the capitalization decision -- Analysis of long-lived assets: part II-analysis of depreciation and impairment -- Analysis of income taxes -- Analysis of financing liabilities -- Leases and off-balance-sheet debt -- Pensions and other employee benefits -- Analysis of intercorporate investments -- Analysis of business combinations -- Analysis of multinational operations -- Derivatives and hedging activities -- Analysis of financial statements: a synthesis -- Accounting-and finance-based measures of risk -- Valuation and forecasting --
650 0 _aFinancial statements.
_9709
700 1 _aSondhi, Ashwinpaul C.
_9842
700 1 _aFried, Dov.
_9843
856 4 2 _3Publisher description
_uhttp://www.loc.gov/catdir/description/wiley036/2003267020.html
856 4 1 _3Table of contents
_uhttp://www.loc.gov/catdir/toc/wiley032/2003267020.html
906 _a7
_bcbc
_corigcop
_d2
_encip
_f20
_gy-gencatlg
942 _2lcc
_cBK
999 _c9348
_d16848